[Event "Quebec op U2400"]
[Site "Montreal CAN"]
[Date "2008.07.23"]
[Round "5"]
[White "Villalobos, Oscar"]
[Black "Ye, Ling Feng"]
[Result "0-1"]
[WhiteElo "2028"]
[BlackElo "2197"]
[PlyCount "58"]
[GameId "2160767910353715"]
[EventDate "2008.07.19"]
[EventType "swiss"]
[EventRounds "9"]
[EventCountry "CAN"]
[SourceTitle "EXT 2011"]
[Source "ChessBase"]
[SourceDate "2011.11.26"]
[SourceVersion "1"]
[SourceVersionDate "2011.11.26"]
[SourceQuality "1"]

1. Nf3 e6 2. d3 c5 3. g3 Nc6 4. Bg2 Nf6 5. e4 d6 6. Nbd2 g6 7. O-O Bg7 8. Re1 O-O 9. Nf1 Qc7 10. Bd2 b5 11. Qc1 Re8 12. Nh4 Bb7 13. f4 Qb6 14. Qd1 Rac8 15. g4 a5 16. c3 b4 17. Kh1 Ba6 18. g5 Nd7 19. Qc2 Bb5 20. Be3 Ne7 21. f5 exf5 22. exf5 Nxf5 23. Nxf5 gxf5 24. Bh3 Bc6+ 25. Kg1 Ne5 26. Nd2 Bd7 27. d4 cxd4 28. Bxd4 Qxd4+ 29. cxd4 Rxc2 0-1

[Event "Quebec op U2400"]
[Site "Montreal CAN"]
[Date "2008.07.24"]
[Round "6"]
[White "Audet-Bouchard, Nicolas"]
[Black "Voskanyan, Vahagn"]
[Result "1-0"]
[WhiteElo "2154"]
[BlackElo "2253"]
[PlyCount "73"]
[GameId "2160767910353716"]
[EventDate "2008.07.19"]
[EventType "swiss"]
[EventRounds "9"]
[EventCountry "CAN"]
[SourceTitle "EXT 2011"]
[Source "ChessBase"]
[SourceDate "2011.11.26"]
[SourceVersion "1"]
[SourceVersionDate "2011.11.26"]
[SourceQuality "1"]

1. e4 c6 2. d4 d5 3. e5 Bf5 4. Nf3 e6 5. Be2 c5 6. Be3 Qb6 7. c4 Nc6 8. Nc3 cxd4 9. Nxd4 Qxb2 10. Na4 Qb4+ 11. Bd2 Qa3 12. Nb5 Qe7 13. Nd6+ Kd8 14. cxd5 Nxe5 15. Ba5+ b6 16. Nxb6 axb6 17. Nxf5 Qc5 18. dxe6+ Ke8 19. exf7+ Kxf7 20. Qb3+ Kf6 21. Bd2 Kxf5 22. Rc1 Qa3 23. g4+ Kf6 24. Qxb6+ Qd6 25. g5+ Kf5 26. Qb1+ Ke6 27. Qb3+ Kf5 28. Qh3+ Ke4 29. Qg2+ Kf5 30. Qxa8 Ne7 31. Rc3 Qd5 32. Qxd5 Nxd5 33. Rc8 Nf4 34. Kf1 Nf7 35. Bd1 Nxg5 36. Bc2+ Ke5 37. Re8+ 1-0

[Event "Quebec op U2400"]
[Site "Montreal CAN"]
[Date "2008.07.24"]
[Round "6"]
[White "Barron, Michael"]
[Black "Me, Kevin"]
[Result "1-0"]
[WhiteElo "2251"]
[BlackElo "1880"]
[PlyCount "31"]
[GameId "2160767910353717"]
[EventDate "2008.07.19"]
[EventType "swiss"]
[EventRounds "9"]
[EventCountry "CAN"]
[SourceTitle "EXT 2011"]
[Source "ChessBase"]
[SourceDate "2011.11.26"]
[SourceVersion "1"]
[SourceVersionDate "2011.11.26"]
[SourceQuality "1"]

1. e4 c5 2. Nf3 d6 3. d4 cxd4 4. Nxd4 Nf6 5. Nc3 a6 6. Be2 e5 7. Nb3 Be7 8. O-O Be6 9. f4 O-O 10. f5 Bxb3 11. axb3 b5 12. Bxb5 Qb6+ 13. Kh1 Nxe4 14. Nxe4 Qxb5 15. f6 gxf6 16. Bh6 1-0

[Event "Quebec op U2400"]
[Site "Montreal CAN"]
[Date "2008.07.24"]
[Round "6"]
[White "Bolvary, Tamara"]
[Black "Laptos, Krzysztof"]
[Result "0-1"]
[WhiteElo "2046"]
[BlackElo "2235"]
[PlyCount "44"]
[GameId "2160767910353718"]
[EventDate "2008.07.19"]
[EventType "swiss"]
[EventRounds "9"]
[EventCountry "CAN"]
[SourceTitle "EXT 2011"]
[Source "ChessBase"]
[SourceDate "2011.11.26"]
[SourceVersion "1"]
[SourceVersionDate "2011.11.26"]
[SourceQuality "1"]

1. c4 d6 2. g3 e5 3. Bg2 f5 4. d3 Nf6 5. Nc3 Be7 6. b4 O-O 7. b5 a6 8. Qb3 Kh8 9. Bb2 axb5 10. cxb5 Nbd7 11. e3 d5 12. Na4 c5 13. Kf1 d4 14. exd4 cxd4 15. Rc1 Qa5 16. Rc4 f4 17. Nf3 fxg3 18. hxg3 Ng4 19. Bc1 Nb6 20. Bd2 Qa7 21. Bb4 Nxc4 22. Qxc4 Qxa4 0-1

[Event "Quebec op U2400"]
[Site "Montreal CAN"]
[Date "2008.07.24"]
[Round "6"]
[White "Brown, Gabriel"]
[Black "Girouard, Michel"]
[Result "1-0"]
[WhiteElo "1940"]
[BlackElo "1871"]
[PlyCount "71"]
[GameId "2160767910353719"]
[EventDate "2008.07.19"]
[EventType "swiss"]
[EventRounds "9"]
[EventCountry "CAN"]
[SourceTitle "EXT 2011"]
[Source "ChessBase"]
[SourceDate "2011.11.26"]
[SourceVersion "1"]
[SourceVersionDate "2011.11.26"]
[SourceQuality "1"]

1. c4 c5 2. g3 g6 3. Bg2 Bg7 4. Nc3 Nc6 5. Rb1 d6 6. Nf3 e5 7. O-O Nge7 8. Ne1 O-O 9. Nc2 a5 10. d3 Be6 11. Ne3 Rb8 12. Ned5 Qd7 13. Bh6 f6 14. Bxg7 Kxg7 15. a3 Nc8 16. b4 axb4 17. axb4 Bxd5 18. Nxd5 b6 19. Qa4 N8a7 20. Ra1 b5 21. cxb5 Rxb5 22. bxc5 Rxc5 23. Rfc1 Ra5 24. Qc4 Rc5 25. Qa6 Rxc1+ 26. Rxc1 Nb8 27. Qa5 Rc8 28. Rb1 Rc5 29. Qb6 Nac6 30. Nb4 Qd8 31. Qb7+ Ne7 32. Nd5 Nbc6 33. Nc7 Qd7 34. Bxc6 Rxc6 35. Nd5 Rc1+ 36. Kg2 1-0

[Event "Quebec op U2400"]
[Site "Montreal CAN"]
[Date "2008.07.24"]
[Round "6"]
[White "Courval, Francois"]
[Black "Gordon, David"]
[Result "1-0"]
[WhiteElo "1966"]
[BlackElo "2236"]
[PlyCount "63"]
[GameId "2160767910353721"]
[EventDate "2008.07.19"]
[EventType "swiss"]
[EventRounds "9"]
[EventCountry "CAN"]
[SourceTitle "EXT 2011"]
[Source "ChessBase"]
[SourceDate "2011.11.26"]
[SourceVersion "1"]
[SourceVersionDate "2011.11.26"]
[SourceQuality "1"]

1. e4 c5 2. Nf3 Nc6 3. Bb5 Nf6 4. Nc3 g6 5. O-O Bg7 6. Re1 O-O 7. h3 Ne8 8. a4 Nc7 9. Bc4 d6 10. d3 a6 11. Be3 Rb8 12. d4 b5 13. axb5 axb5 14. Bf1 cxd4 15. Nxd4 Nxd4 16. Bxd4 Bxd4 17. Qxd4 b4 18. Nd5 e5 19. Qd2 Nxd5 20. exd5 Qc7 21. Re4 Bf5 22. Rc4 Qd7 23. g4 Bxg4 24. Rxg4 b3 25. c4 f5 26. Rg3 f4 27. Rc3 h5 28. Qd3 Kg7 29. Rxb3 Rxb3 30. Qxb3 g5 31. Qb6 Rf7 32. Ra6 1-0

[Event "Quebec op U2400"]
[Site "Montreal CAN"]
[Date "2008.07.24"]
[Round "6"]
[White "Fareh, Youness"]
[Black "Keith-Jacques, Liam"]
[Result "1-0"]
[WhiteElo "2178"]
[BlackElo "2040"]
[PlyCount "110"]
[GameId "2160767910353722"]
[EventDate "2008.07.19"]
[EventType "swiss"]
[EventRounds "9"]
[EventCountry "CAN"]
[SourceTitle "EXT 2011"]
[Source "ChessBase"]
[SourceDate "2011.11.26"]
[SourceVersion "1"]
[SourceVersionDate "2011.11.26"]
[SourceQuality "1"]

1. Nf3 e6 2. c4 Nf6 3. Nc3 Bb4 4. g3 O-O 5. Bg2 d5 6. cxd5 exd5 7. a3 Bxc3 8. bxc3 Re8 9. O-O Bg4 10. Rb1 b6 11. d3 h6 12. Re1 Qe7 13. a4 Nc6 14. Bf4 Qd7 15. Qc2 Re7 16. Nd4 Nxd4 17. cxd4 Rae8 18. f3 Bh3 19. Rbc1 Bxg2 20. Kxg2 Nh5 21. Be5 f6 22. Bxc7 Rc8 23. Qa2 Rxc7 24. Rxc7 Qxc7 25. Qxd5+ Kh8 26. Qxh5 Qc3 27. Qd5 Re8 28. Kf2 Qb4 29. Qd7 Re7 30. Qd8+ Kh7 31. e3 Re6 32. Qd5 Rd6 33. Qc4 Qd2+ 34. Re2 Qd1 35. Qb5 Qh1 36. Qf5+ g6 37. Qh3 Qd1 38. Qc8 Qxa4 39. Rc2 Rd7 40. d5 a6 41. Qc6 Qxc6 42. dxc6 Rd8 43. d4 Kg7 44. Ra2 Ra8 45. d5 Kf7 46. e4 Ke7 47. Ke3 a5 48. Rb2 Ra6 49. c7 Kd7 50. Rc2 Ra8 51. f4 a4 52. e5 a3 53. e6+ Kc8 54. d6 a2 55. d7+ Kb7 1-0

[Event "Quebec op U2400"]
[Site "Montreal CAN"]
[Date "2008.07.24"]
[Round "6"]
[White "Gilman, Arkadiy"]
[Black "Groleau, Gilles"]
[Result "1-0"]
[WhiteElo "2189"]
[BlackElo "1930"]
[PlyCount "121"]
[GameId "2160767910353723"]
[EventDate "2008.07.19"]
[EventType "swiss"]
[EventRounds "9"]
[EventCountry "CAN"]
[SourceTitle "EXT 2011"]
[Source "ChessBase"]
[SourceDate "2011.11.26"]
[SourceVersion "1"]
[SourceVersionDate "2011.11.26"]
[SourceQuality "1"]

1. d4 Nf6 2. c4 e6 3. Nc3 Bb4 4. e3 O-O 5. Bd3 c5 6. Nge2 d5 7. cxd5 cxd4 8. exd4 exd5 9. O-O Nc6 10. Bg5 Be6 11. Rc1 h6 12. Bh4 g5 13. Bg3 Nh5 14. Bb1 f5 15. Be5 f4 16. Qd3 Bf5 17. Qf3 g4 18. Qxd5+ Qxd5 19. Nxd5 Bxb1 20. Rxb1 f3 21. gxf3 gxf3 22. Ng3 Nxg3 23. Bxg3 Ba5 24. b4 Bb6 25. Nxb6 axb6 26. Rfd1 Rxa2 27. d5 Nd8 28. h4 b5 29. Rb3 Rf5 30. Rdd3 Ra4 31. d6 Kg7 32. Kh2 Kf7 33. Rxf3 Rxf3 34. Rxf3+ Ke6 35. Re3+ Kd5 36. Re8 Nc6 37. d7 Rxb4 38. Rc8 Rd4 39. d8=Q+ Nxd8 40. Rxd8+ Kc5 41. Rxd4 Kxd4 42. Bd6 Kc4 43. f4 b4 44. Be5 Kd5 45. Kg3 h5 46. Kf3 b6 47. Ke3 b5 48. Kd3 b3 49. Kc3 Ke4 50. Kxb3 Kf5 51. Kb4 Kg4 52. Bf6 Kxf4 53. Kxb5 Kf5 54. Bg5 Ke5 55. Kc5 Ke6 56. Kd4 Kd6 57. Ke4 Ke6 58. Bd2 Kf6 59. Kf4 Kg6 60. Bc3 Kh6 61. Kf5 1-0

[Event "Quebec op U2400"]
[Site "Montreal CAN"]
[Date "2008.07.24"]
[Round "6"]
[White "Hambleton, Aman"]
[Black "Bluvshtein, Ilia"]
[Result "0-1"]
[WhiteElo "2012"]
[BlackElo "2117"]
[PlyCount "56"]
[GameId "2160767910353724"]
[EventDate "2008.07.19"]
[EventType "swiss"]
[EventRounds "9"]
[EventCountry "CAN"]
[SourceTitle "EXT 2011"]
[Source "ChessBase"]
[SourceDate "2011.11.26"]
[SourceVersion "1"]
[SourceVersionDate "2011.11.26"]
[SourceQuality "1"]

1. d4 Nf6 2. c4 g6 3. Nc3 d5 4. cxd5 Nxd5 5. e4 Nxc3 6. bxc3 c5 7. Bc4 Bg7 8. Ne2 O-O 9. O-O Qc7 10. Bd3 Nc6 11. Be3 Rd8 12. Rc1 Ne5 13. h3 Qa5 14. Bb1 b6 15. Qb3 Ba6 16. dxe5 Bxe2 17. Rfe1 c4 18. Qb2 Bd3 19. f4 e6 20. Bd4 Bf8 21. Bxd3 Ba3 22. Qf2 Bxc1 23. Rxc1 cxd3 24. f5 Rac8 25. Rd1 Rxc3 26. Bxc3 Qxc3 27. Kh2 Qxe5+ 28. g3 Qxe4 0-1

[Event "Quebec op U2400"]
[Site "Montreal CAN"]
[Date "2008.07.24"]
[Round "6"]
[White "Khassanov, Marat"]
[Black "Robichaud, Louis"]
[Result "1-0"]
[WhiteElo "2312"]
[BlackElo "2129"]
[PlyCount "83"]
[GameId "2160767910353725"]
[EventDate "2008.07.19"]
[EventType "swiss"]
[EventRounds "9"]
[EventCountry "CAN"]
[SourceTitle "EXT 2011"]
[Source "ChessBase"]
[SourceDate "2011.11.26"]
[SourceVersion "1"]
[SourceVersionDate "2011.11.26"]
[SourceQuality "1"]

1. e4 e5 2. Nf3 Nc6 3. Bc4 Bc5 4. c3 Nf6 5. d4 exd4 6. cxd4 Bb4+ 7. Nc3 Nxe4 8. O-O Bxc3 9. d5 Bf6 10. Re1 Ne7 11. Rxe4 d6 12. Qa4+ Kf8 13. Qb3 h6 14. Bd2 Bf5 15. Re2 Kg8 16. Rae1 Kh7 17. Bc3 Bxc3 18. bxc3 Ng6 19. Qxb7 a5 20. Re3 Rb8 21. Qa7 Rb6 22. Qxa5 Qa8 23. Qxa8 Rxa8 24. Nd4 Bb1 25. Re8 Rxe8 26. Rxe8 Ne5 27. Bb3 Kg6 28. f4 Nd3 29. g3 Nc5 30. Re2 Bd3 31. Re3 Be4 32. c4 Kf6 33. Kf1 Bb1 34. Ke1 Ra6 35. Re2 Bd3 36. Re3 Bb1 37. Nb5 c6 38. Nc7 Ra7 39. Ne8+ Kg6 40. dxc6 Ne4 41. c7 Ra8 42. Ba4 1-0

[Event "Quebec op U2400"]
[Site "Montreal CAN"]
[Date "2008.07.24"]
[Round "6"]
[White "Mai, Lloyd"]
[Black "Villalobos, Oscar"]
[Result "1-0"]
[WhiteElo "2179"]
[BlackElo "2028"]
[PlyCount "143"]
[GameId "2160767910353727"]
[EventDate "2008.07.19"]
[EventType "swiss"]
[EventRounds "9"]
[EventCountry "CAN"]
[SourceTitle "EXT 2011"]
[Source "ChessBase"]
[SourceDate "2011.11.26"]
[SourceVersion "1"]
[SourceVersionDate "2011.11.26"]
[SourceQuality "1"]

1. e4 c5 2. Nf3 d6 3. d4 cxd4 4. Nxd4 Nf6 5. Nc3 a6 6. Be3 Ng4 7. Bg5 h6 8. Bh4 g5 9. Bg3 Bg7 10. Qd2 Nc6 11. Nb3 Nge5 12. O-O-O Be6 13. Nd5 b5 14. f3 Rb8 15. c3 Nc4 16. Qf2 N6e5 17. h4 Bxd5 18. Rxd5 b4 19. hxg5 bxc3 20. bxc3 Qc7 21. Bf4 Nb6 22. gxh6 Nxd5 23. exd5 Qxc3+ 24. Kb1 Bf6 25. Qc2 Qe1+ 26. Bc1 Qb4 27. Bxa6 Nd7 28. Bb2 Qf4 29. Bb5 Bxb2 30. Qxb2 Qe5 31. Bc6 Qxb2+ 32. Kxb2 Kd8 33. Kc3 Ne5 34. Nd4 Kc7 35. h7 Ng6 36. Bb5 Kb6 37. Bd3 Nf4 38. Be4 Rbc8+ 39. Kd2 Ra8 40. g3 Rxa2+ 41. Ke3 Ng6 42. Bxg6 fxg6 43. Ne6 Ra5 44. Nf4 Ra3+ 45. Ke4 Ra4+ 46. Kd3 Ra3+ 47. Kd4 Ra4+ 48. Kd3 Rxf4 49. gxf4 Kc7 50. Ke4 Kd7 51. f5 g5 52. Ke3 Ke8 53. Kf2 Kf7 54. Kg3 Kg7 55. Kg4 Rxh7 56. Rxh7+ Kxh7 57. Kxg5 Kg7 58. f6+ exf6+ 59. Kf5 Kf7 60. f4 Ke7 61. Kg6 f5 62. Kxf5 Kf7 63. Kg5 Kg7 64. f5 Kf7 65. f6 Kf8 66. f7 Kxf7 67. Kf5 Ke7 68. Kg6 Ke8 69. Kf6 Kf8 70. Ke6 Ke8 71. Kxd6 Kd8 72. Ke6 1-0

[Event "Quebec op U2400"]
[Site "Montreal CAN"]
[Date "2008.07.24"]
[Round "6"]
[White "Peev, Pavel"]
[Black "Hayder, Ali"]
[Result "1-0"]
[WhiteElo "1899"]
[BlackElo "2095"]
[PlyCount "139"]
[GameId "2160767910353728"]
[EventDate "2008.07.19"]
[EventType "swiss"]
[EventRounds "9"]
[EventCountry "CAN"]
[SourceTitle "EXT 2011"]
[Source "ChessBase"]
[SourceDate "2011.11.26"]
[SourceVersion "1"]
[SourceVersionDate "2011.11.26"]
[SourceQuality "1"]

1. e4 c5 2. Nf3 d6 3. d4 cxd4 4. Nxd4 Nf6 5. Nc3 e5 6. Bb5+ Bd7 7. Bxd7+ Nbxd7 8. Nf5 Qc7 9. O-O a6 10. Bg5 h6 11. Bxf6 Nxf6 12. Qd3 g6 13. Ne3 Be7 14. Ncd5 Nxd5 15. Nxd5 Qd8 16. Rad1 Rc8 17. c3 Rc6 18. Nb4 Rc7 19. Nd5 Rd7 20. f4 exf4 21. Rxf4 Bg5 22. Rf3 O-O 23. g3 Qe8 24. h4 Bd8 25. Rdf1 Qe5 26. Rf4 Kg7 27. Qf3 h5 28. Kg2 b5 29. a3 f6 30. g4 hxg4 31. Qxg4 Qe8 32. h5 Rh8 33. Rxf6 Rxh5 34. Re6 Rg5 35. Rxe8 Rxg4+ 36. Kh3 Rh4+ 37. Kg3 Rh8 38. Rxh8 Kxh8 39. Nf4 Kg8 40. Nxg6 Kg7 41. Nf4 Re7 42. Kf3 Re5 43. Rd1 Be7 44. Rd5 Kf6 45. Ke3 Bf8 46. Kd3 Re8 47. Rf5+ Kg7 48. Nh5+ Kg6 49. Nf6 Re6 50. Nd7 Bg7 51. Nf8+ Bxf8 52. Rxf8 Rf6 53. Rxf6+ Kxf6 54. Kd4 Ke6 55. b3 a5 56. b4 a4 57. c4 bxc4 58. b5 c3 59. Kxc3 d5 60. exd5+ Kxd5 61. Kb4 Kd6 62. Kxa4 Kc7 63. Kb4 Kb6 64. a4 Kb7 65. Kc5 Kc7 66. a5 Kb7 67. b6 Kb8 68. Kc6 Ka8 69. a6 Kb8 70. b7 1-0

[Event "Quebec op U2400"]
[Site "Montreal CAN"]
[Date "2008.07.24"]
[Round "6"]
[White "Ramaswamy, Kishor"]
[Black "Forget, Luc"]
[Result "1/2-1/2"]
[WhiteElo "2125"]
[BlackElo "2063"]
[PlyCount "125"]
[GameId "2160767910353729"]
[EventDate "2008.07.19"]
[EventType "swiss"]
[EventRounds "9"]
[EventCountry "CAN"]
[SourceTitle "EXT 2011"]
[Source "ChessBase"]
[SourceDate "2011.11.26"]
[SourceVersion "1"]
[SourceVersionDate "2011.11.26"]
[SourceQuality "1"]

1. d4 Nf6 2. Nf3 e6 3. Bg5 c5 4. e3 Nc6 5. c3 Qb6 6. Qb3 h6 7. Bxf6 gxf6 8. Nbd2 d5 9. g3 Bd7 10. Bg2 Bd6 11. O-O Qxb3 12. axb3 cxd4 13. exd4 O-O 14. Ne1 Nxd4 15. cxd4 Bb5 16. Nb1 Bxf1 17. Kxf1 Rfc8 18. Nd3 Rc6 19. Bf3 Rb6 20. Bd1 a5 21. Nc3 Rc6 22. b4 b6 23. b5 Rcc8 24. Na4 Rab8 25. Bb3 Kf8 26. f4 Ke7 27. Ke2 Kd7 28. f5 Rc7 29. Rf1 Ke7 30. Nf4 Bxf4 31. gxf4 Kd6 32. Rg1 Rcc8 33. Rg7 Rf8 34. Nc3 Rbc8 35. Rh7 h5 36. Kf3 e5 37. Rh6 exd4 38. Rxf6+ Kc5 39. Nxd5 a4 40. Ba2 Rcd8 41. Nxb6 Rfe8 42. Nd5 Re1 43. Rxf7 d3 44. Nc3 d2 45. Rc7+ Kb6 46. Rc6+ Kb7 47. Re6 Rd3+ 48. Kf2 Rxc3 49. Rxe1 dxe1=Q+ 50. Kxe1 Rc8 51. f6 Kb6 52. f7 Kxb5 53. Kf2 Kc5 54. Kg3 Kd6 55. Kh4 Ke7 56. Bd5 Rc5 57. Be6 Rb5 58. Bd7 Rb4 59. Kxh5 Rxf4 60. Be8 Rf2 61. Bxa4 Rxh2+ 62. Kg4 Rxb2 63. Be8 1/2-1/2

[Event "Quebec op U2400"]
[Site "Montreal CAN"]
[Date "2008.07.24"]
[Round "6"]
[White "Trottier, Alain"]
[Black "Gluckie, Jamin"]
[Result "0-1"]
[WhiteElo "1920"]
[BlackElo "2114"]
[PlyCount "102"]
[GameId "2160767910353731"]
[EventDate "2008.07.19"]
[EventType "swiss"]
[EventRounds "9"]
[EventCountry "CAN"]
[SourceTitle "EXT 2011"]
[Source "ChessBase"]
[SourceDate "2011.11.26"]
[SourceVersion "1"]
[SourceVersionDate "2011.11.26"]
[SourceQuality "1"]

1. Nf3 c5 2. g3 Nc6 3. Bg2 g6 4. O-O Bg7 5. c4 e5 6. d3 Nge7 7. Nc3 O-O 8. a3 d6 9. Rb1 a5 10. Bd2 Rb8 11. e3 h6 12. Ne1 Be6 13. Nc2 d5 14. cxd5 Nxd5 15. Qe2 Qd7 16. Rfd1 f5 17. Nxd5 Bxd5 18. Bxd5+ Qxd5 19. b4 e4 20. dxe4 Qxe4 21. Rdc1 Ne5 22. Ne1 axb4 23. axb4 c4 24. f3 Qd5 25. b5 Rbd8 26. Bc3 Nd3 27. Rc2 Rfe8 28. Bxg7 Kxg7 29. Ng2 Rc8 30. Rd2 Red8 31. Ne1 Rd6 32. Nxd3 cxd3 33. Qd1 Rc3 34. Kf2 Qc4 35. Rbb2 b6 36. Qa1 Rd7 37. Ra2 Kh7 38. Ra8 Re7 39. Rd8 Qc5 40. Qb2 Rxe3 41. Kg2 Qc7 42. Rd4 Rc2 43. Rxc2 dxc2 44. Qc1 Re1 45. Rd7+ Qxd7 46. Qxe1 Qc7 47. Qc1 Qc3 48. Kh3 g5 49. f4 g4+ 50. Kh4 Kg6 51. h3 Qf6# 0-1

[Event "Quebec op U2400"]
[Site "Montreal CAN"]
[Date "2008.07.24"]
[Round "6"]
[White "Wilkin, Alain"]
[Black "Testa, Adriano"]
[Result "0-1"]
[WhiteElo "1932"]
[BlackElo "2080"]
[PlyCount "150"]
[GameId "2160767910353732"]
[EventDate "2008.07.19"]
[EventType "swiss"]
[EventRounds "9"]
[EventCountry "CAN"]
[SourceTitle "EXT 2011"]
[Source "ChessBase"]
[SourceDate "2011.11.26"]
[SourceVersion "1"]
[SourceVersionDate "2011.11.26"]
[SourceQuality "1"]

1. e4 d5 2. exd5 Qxd5 3. Nc3 Qa5 4. Bc4 Nf6 5. Nf3 c6 6. O-O Bf5 7. Re1 e6 8. Re5 Qc7 9. Qe1 Bg4 10. Re3 Nbd7 11. d4 O-O-O 12. h3 Bxf3 13. Rxf3 Nb6 14. Bb3 Rxd4 15. Be3 Rd7 16. a4 a5 17. Ne2 Nbd5 18. Bd2 Bb4 19. c3 Bc5 20. Bc2 Rhd8 21. Bc1 Rg8 22. Bg5 h6 23. Bh4 Nh5 24. Bg3 Nxg3 25. Nxg3 Rgd8 26. Ne4 Qb6 27. Nxc5 Qxc5 28. Qe5 g5 29. Re1 Qb6 30. b3 Nf4 31. b4 Rd2 32. bxa5 Qc7 33. Qxc7+ Kxc7 34. Bb3 R8d7 35. Bc4 Nd3 36. Ree3 Nf4 37. Kh2 h5 38. h4 Nd5 39. Bxd5 R2xd5 40. hxg5 Rxg5 41. Rf6 Kd8 42. a6 bxa6 43. Re4 Rc5 44. Rh6 Rdd5 45. c4 Rf5 46. Rh8+ Ke7 47. f3 Ra5 48. Rc8 Kd7 49. Ra8 c5 50. Re2 Ke7 51. Ra7+ Kf6 52. Re4 Rxa4 53. Ra8 Ra2 54. Kh3 Rg5 55. g3 Rf2 56. Rf4+ Rf5 57. Rxf5+ Kxf5 58. Ra7 Kf6 59. Ra8 Ra2 60. Ra7 Ra4 61. Kh2 a5 62. Ra6 Rxc4 63. Rxa5 Rc3 64. Ra4 Kg6 65. Rh4 f6 66. Re4 e5 67. Ra4 Kf5 68. Kg2 Rc2+ 69. Kf1 c4 70. Rb4 c3 71. Rc4 Rc1+ 72. Kf2 c2 73. Rc8 Rh1 74. Rxc2 Rh2+ 75. Ke3 Rxc2 0-1

[Event "Quebec op U2400"]
[Site "Montreal CAN"]
[Date "2008.07.24"]
[Round "6"]
[White "Ye, Ling Feng"]
[Black "Oussedik, Elias"]
[Result "1-0"]
[WhiteElo "2197"]
[BlackElo "1980"]
[PlyCount "57"]
[GameId "2160767910353733"]
[EventDate "2008.07.19"]
[EventType "swiss"]
[EventRounds "9"]
[EventCountry "CAN"]
[SourceTitle "EXT 2011"]
[Source "ChessBase"]
[SourceDate "2011.11.26"]
[SourceVersion "1"]
[SourceVersionDate "2011.11.26"]
[SourceQuality "1"]

1. e4 Nf6 2. Nc3 d5 3. exd5 Nxd5 4. Nf3 Nc6 5. Bc4 Nxc3 6. bxc3 Bf5 7. O-O e6 8. Bb5 Bg4 9. d4 a6 10. Bd3 Be7 11. Rb1 Rb8 12. Be4 Bh5 13. Qd3 Na5 14. Ne5 Bd6 15. Qh3 Be2 16. Re1 Bb5 17. a4 Bxe5 18. axb5 Bd6 19. Qh5 g6 20. Qh6 Bf8 21. Qh3 c6 22. Bf4 Bd6 23. Bxd6 Qxd6 24. Bxg6 hxg6 25. Qxh8+ Ke7 26. Qh4+ Kd7 27. bxa6 bxa6 28. Rxb8 Qxb8 29. Qf6 1-0

[Event "Quebec op U2400"]
[Site "Montreal CAN"]
[Date "2008.07.25"]
[Round "7"]
[White "Barron, Irina"]
[Black "Plotkin, Victor"]
[Result "0-1"]
[WhiteElo "2106"]
[BlackElo "2202"]
[PlyCount "118"]
[GameId "2160767910353734"]
[EventDate "2008.07.19"]
[EventType "swiss"]
[EventRounds "9"]
[EventCountry "CAN"]
[SourceTitle "EXT 2011"]
[Source "ChessBase"]
[SourceDate "2011.11.26"]
[SourceVersion "1"]
[SourceVersionDate "2011.11.26"]
[SourceQuality "1"]

1. d4 d5 2. c4 e6 3. Nc3 Nf6 4. Nf3 c5 5. cxd5 exd5 6. g3 Nc6 7. Bg2 Be6 8. O-O c4 9. Ne5 Qa5 10. e4 Nxe5 11. dxe5 Nxe4 12. Nxe4 dxe4 13. Bxe4 Rd8 14. Qc2 b5 15. Bc6+ Bd7 16. Bxd7+ Rxd7 17. Qe4 Be7 18. e6 fxe6 19. Qxe6 Qb6 20. Qg4 Qg6 21. Qh3 Rf8 22. Be3 Qf5 23. Qxf5 Rxf5 24. Rab1 Rfd5 25. h4 Bf6 26. Kg2 a5 27. Rfc1 a4 28. Kf3 Rd3 29. Ke2 Kf7 30. Rc2 Ke6 31. Bd2 Bd4 32. Bc3 Bc5 33. Be1 Re7 34. Kf1 Kd5 35. Rbc1 Rf7 36. Kg2 Bd4 37. Re2 a3 38. bxa3 Rxa3 39. Rb1 Rb7 40. Bb4 Rd3 41. Re8 Bf6 42. Rc8 Ke6 43. Re8+ Kd7 44. Ra8 Bc3 45. a3 Bxb4 46. axb4 Rb3 47. Rxb3 cxb3 48. Ra3 Rc7 49. Rxb3 Rc4 50. f4 h5 51. Kf3 Kd6 52. Ke3 Ke6 53. Kf3 Kf5 54. Ke3 Kg4 55. Kd2 Re4 56. Kd3 Rc4 57. Kd2 Kh3 58. Ke2 Kg2 59. f5 Rg4 0-1

[Event "Quebec op U2400"]
[Site "Montreal CAN"]
[Date "2008.07.25"]
[Round "7"]
[White "Bluvshtein, Ilia"]
[Black "Rosen, Matthew"]
[Result "1-0"]
[WhiteElo "2117"]
[BlackElo "2170"]
[PlyCount "57"]
[GameId "2160767910353735"]
[EventDate "2008.07.19"]
[EventType "swiss"]
[EventRounds "9"]
[EventCountry "CAN"]
[SourceTitle "EXT 2011"]
[Source "ChessBase"]
[SourceDate "2011.11.26"]
[SourceVersion "1"]
[SourceVersionDate "2011.11.26"]
[SourceQuality "1"]

1. e4 c5 2. Nf3 d6 3. d4 cxd4 4. Nxd4 Nf6 5. Nc3 a6 6. Bg5 e6 7. f4 Nbd7 8. Qf3 Qc7 9. O-O-O Be7 10. g4 b5 11. Bxf6 Nxf6 12. g5 Nd7 13. f5 Nc5 14. f6 gxf6 15. gxf6 Bf8 16. Rg1 Bd7 17. Rg7 h5 18. Bh3 b4 19. Nd5 exd5 20. exd5 O-O-O 21. Rxf7 Qa5 22. Kb1 Bxh3 23. Qxh3+ Rd7 24. Re1 Bh6 25. Nc6 Qb6 26. Qxh5 Rxf7 27. Qxf7 Ne4 28. Qe6+ Kb7 29. Qxe4 1-0

[Event "Quebec op U2400"]
[Site "Montreal CAN"]
[Date "2008.07.25"]
[Round "7"]
[White "Forget, Luc"]
[Black "Mai, Lloyd"]
[Result "1-0"]
[WhiteElo "2063"]
[BlackElo "2179"]
[PlyCount "103"]
[GameId "2160767910353736"]
[EventDate "2008.07.19"]
[EventType "swiss"]
[EventRounds "9"]
[EventCountry "CAN"]
[SourceTitle "EXT 2011"]
[Source "ChessBase"]
[SourceDate "2011.11.26"]
[SourceVersion "1"]
[SourceVersionDate "2011.11.26"]
[SourceQuality "1"]

1. d4 Nf6 2. c4 g6 3. Nc3 Bg7 4. e4 d6 5. f4 O-O 6. Nf3 c5 7. d5 e6 8. dxe6 Bxe6 9. Bd3 Nc6 10. O-O Re8 11. Bd2 a6 12. Rc1 Rb8 13. Kh1 b5 14. b3 bxc4 15. bxc4 Nb4 16. Be1 Ng4 17. Bh4 Qa5 18. Re1 Nxa2 19. Nxa2 Qxa2 20. Re2 Qa3 21. h3 Rb3 22. Ne1 Nh6 23. f5 gxf5 24. exf5 Rxd3 25. Nxd3 Nxf5 26. Bf2 Rb8 27. Rb1 Rxb1 28. Qxb1 Bd4 29. Re4 Qa1 30. Qxa1 Bxa1 31. Nf4 Bd7 32. Nd5 Be6 33. Kg1 Bd4 34. g4 Bxf2+ 35. Kxf2 Nd4 36. Re3 Nc2 37. Rc3 Nb4 38. Nf6+ Kf8 39. Nxh7+ Ke7 40. Ng5 Nc6 41. Nxe6 Kxe6 42. h4 Ne5 43. Kg3 d5 44. cxd5+ Kxd5 45. h5 c4 46. Kf4 Kd4 47. Rc2 a5 48. Ra2 c3 49. Rxa5 c2 50. Ra1 Kd5 51. Kf5 Nf3 52. Rc1 1-0